=LDR 00000nam 2200000 4500 =001 INLIS000000000011301 =005 20130612102858 =008 ***********************************Ind** =035 ##$$0010-061300000011301 =041 ##$$a Ind =082 ##$$a 959.8 =090 ##$$a 959.8, Saf t =100 ##$$a Safwan,Mardanas =245 ##$$a Pahlwan Nasional Teuku Nyak Arif, Drs.Mardanas Safwan =260 ##$$a 1992 $b Jakarta =300 ##$$a XII,279 hlm., ilus, 21 cm =650 ##$$a Sejarah Indonesia =850 ##$$a NBPNMAT